000 00335nam a22001337a 4500
008 170612b xxu||||| |||| 00| 0 eng d
020 _a9780312320416
041 _aeng
080 _a94
100 _a17
101 _aSHH
245 _aTHE TERRORIST NEXT DOOR THE MILITIA MOVEMENT AND THE RADICAL RIGHT
_cLEVITAS ,D
942 _2udc
_cBK
999 _c17053
_d17053